000 00521nam a22001697a 4500
005 20241115180013.0
008 241022b |||||||| |||| 00| 0 eng d
020 _a9781774697436
082 _aDC 658.87 G185 2024
100 _aGarman, Brian.
_963283
245 _aRetail management /
_cBrian Garman.
260 _aCanada :
_bToronto Academic Press,
_c©2024.
300 _axi, 200 pages :
_billustrations ;
_c25 cm.
500 _aIncludes references and index.
650 0 _aRetail management.
_964217
942 _2ddc
_cDC
999 _c22771
_d22771